Dragons de fiction en images - Statistiques

Statistiques générales
  • Ce quiz a été pris 557 fois
  • Le résultat moyen est 6 sur 20
Statistiques - réponses
Par images Réponse % Correct
Krokmou
78%
Mushu
63%
Spyro
60%
Rayquaza
57%
Smaug
54%
Maléfique
49%
Shenron
46%
Elliott
43%
Drogon
26%
Norbert
26%
Haku
23%
Acnologia
21%
Sisu
14%
Alduin
12%
Spike
12%
Falkor
11%
Jake Long
8%
Tabaluga
7%
Lockheed
2%
Orochi
1%
Aucun quiz correspondant
Distribution des résultats
% des personnes avec chaque résultat
Percentile par nombre de réponses
Votre historique - résultats
Vous n’avez pas pris ce quiz